000 00442nam a2200181Ia 4500
001 21450
005 20260306172920.0
008 260306t2016||||xx |||||||||||||| ||spa||
041 _aESP
082 _a345
_bN55
100 _aNieva Fenoll, Jordi
_eAUT
245 0 _aNociones preliminares de derecho procesal penal
260 _c2016
300 _a231 páginas :
_c21 cm.
650 _aGEN
654 _aCDE
942 _cLIB
_dJUS
_fJUS
_2ddc
_n
999 _c21450
_d21450